00724nam a22002057a 4500999001500000001000500015003000900020005001700029008004100046040003800087082002300125245008700148260003900235300002200274505001200296650004400308700002800352942001200380952012600392 c7081d70818998BD-DhUAP20210113143921.0210113s2001 bg mx p w 0 a0eng d aBD-DhAALcBD-DhAALbEngdBD-DhUAP00a348.549204 DHA22300aThe Dhaka Law Reports :ba monthly law journal /cedited by Obaidul Huq Chowdhury. aDhaka :bDhaka law reports,c2001. avolumes ;c26 cm. aV. 53-- aLaw reports, digests, etc.zBangladesh. aChowdhury, Obaidul Huq. 2ddccBK 00102ddc4070aDBASLbDBASLcGeneral Stacksd2021-01-13o348.549204 DHA V-53p3010008998r2021-01-13t1w2021-01-13yBK